000 00551nam a2200193Ia 4500
003 GCL
008 140319s9999 xx 000 0 ara d
040 _aGCL /
_cGCL
082 0 4 _a811.094
_bب م
100 1 _aبدر الديب
245 1 0 _aالمستحيل والقمة : تجربة فى الديالكيتك /
_cبدر الديب
300 _a117
490 _a
650 0 4 _aالادب العربى
650 0 4 _aالادب
650 0 4 _aالائتمان
650 0 4 _aالشعر العربى - العصر الحديث
942 _2ddc
_cBK
999 _c40979
_d40979